Guess the Disney song with no hints - Statistics

General Stats
  • This quiz has been taken 30 times
    28 since last reset
  • The average score is 91 of 197
Answer Stats
Lyrics % Correct
I
92%
a
88%
the
88%
's
83%
it
79%
when
79%
on
71%
in
67%
me
67%
to
67%
and
63%
And
63%
go
63%
A.M.
58%
by
58%
do
58%
if
58%
my
58%
so
58%
then
58%
Then
58%
what
58%
have
54%
let
54%
there
54%
time
54%
will
54%
all
50%
been
50%
is
50%
it's
50%
of
50%
Seven
50%
seven
50%
begin
46%
clean
46%
floor
46%
hair
46%
I'll
46%
life
46%
maybe
46%
three
46%
two
46%
brush
42%
just
42%
like
42%
lineup
42%
more
42%
morning
42%
or
42%
paint
42%
some
42%
start
42%
sweep
42%
they
42%
up
42%
usual
42%
wonder
42%
always
38%
book
38%
chores
38%
I'm
38%
I've
38%
now
38%
read
38%
shine
38%
'til
38%
add
33%
birthday
33%
cook
33%
each
33%
fifteen
33%
gallery
33%
lights
33%
new
33%
room
33%
spare
33%
that
33%
there's
33%
again
29%
dress
29%
few
29%
mop
29%
Mother
29%
out
29%
paintings
29%
place
29%
same
29%
sew
29%
sketch
29%
somewhere
29%
wax
29%
wondering
29%
year
29%
books
25%
candle
25%
keep
25%
laundry
25%
night
25%
stretch
25%
stuck
25%
sure
25%
take
25%
walls
25%
after
21%
appear
21%
ballet
21%
bit
21%
chess
21%
climb
21%
darts
21%
glow
21%
guitar
21%
lunch
21%
mache
21%
making
21%
might
21%
older
21%
paper
21%
play
21%
polish
21%
pottery
21%
puzzles
21%
reread
21%
tomorrow
21%
baking
17%
basically
17%
knit
17%
ventriloquy
13%
maby
0%
No matching quizzes found
Score Distribution
Percent of People with Each Score
Percentile by Number Answered
Your Score History
You have not taken this quiz since the last reset